| 000 | 00852cam a22001935a 4500 | ||
|---|---|---|---|
| 001 | L141162 | ||
| 008 | 071031s1824 xxk eng u | ||
| 035 | _a(Sirsi) u141162 | ||
| 041 | 0 | _aeng | |
| 100 | 1 | _aSmith, J. | |
| 245 | 0 | 0 | _aParticulars and conditions of sale of very eligible long leasehold premises situate in the most preferable part of The Quadrant having the advantage of two fronts being no. 88 on the north side, the corner of Vine Street, which will be sold by auction by Mr J. Smith at the Auction Mart opposite the Bank of England on Thursday the 4th of March 1924 at twelve o'clock |
| 260 |
_aS.l. _bs.n. _c[1824] |
||
| 300 |
_a1 sheet _c32 x 20 cm. |
||
| 340 | _aPrinted | ||
| 351 | _cSingle item | ||
| 651 | 4 | _aLondon | |
| 690 | _aPROPERTY-PROPERTY ACQUISITION AND DISPOSAL-ACQUISITION AND DISPOSAL AT AUCTION | ||
| 942 | _n0 | ||
| 999 |
_c116633 _d116633 |
||